Consejo Económico Social Sindical de la Zona del Marmol (Record no. 46865)
[ view plain ]
| 000 -LEADER | |
|---|---|
| campo de control de longitud fija | 00507nam a2200157 i 4500 |
| 001 - NÚMERO DE CONTROL | |
| campo de control | 46865 |
| 003 - IDENTIFICADOR DE NÚMERO DE CONTROL | |
| campo de control | ES-MaACL |
| 005 - FECHA Y HORA DE LA ÚLTIMA TRANSACCIÓN | |
| campo de control | 20230906161448.0 |
| 007 - CAMPO FIJO DE DESCRIPCIÓN FÍSICA--INFORMACIÓN GENERAL | |
| campo de control de longitud fija | t| |
| 008 - DATOS DE LONGITUD FIJA--INFORMACIÓN GENERAL | |
| campo de control de longitud fija | 030401s1973 sp ||||1| spa d |
| 110 2# - ENTRADA PRINCIPAL--NOMBRE DE ENTIDAD CORPORATIVA | |
| Nombre de entidad corporativa o nombre de jurisdicción como elemento de entrada | Consejo Económico Social de la Zona del Marmol (Almería) |
| 9 (RLIN) | 3205 |
| 245 10 - MENCIÓN DEL TÍTULO | |
| Título | Consejo Económico Social Sindical de la Zona del Marmol |
| Resto del título | : I Pleno. |
| 260 ## - PUBLICACIÓN, DISTRIBUCIÓN, ETC. | |
| Lugar de publicación, distribución, etc. | [Almería : |
| Nombre del editor, distribuidor, etc. | s.n., |
| Fecha de publicación, distribución, etc. | 1973] |
| 300 ## - DESCRIPCIÓN FÍSICA | |
| Extensión | 184 p. : |
| Otras características físicas | 4 map. pleg., 4 gráf. ; |
| Dimensiones | 21 cm. |
| 852 ## - LOCALIZACIÓN | |
| Ubicación | ES-MaACL |
| Número de control de estantería | C-52051 |
| Sublocalización o colección | R.85303 |
| Estatus retirado | Estado de pérdida | Estado de daño | No para préstamo | Biblioteca de origen | Biblioteca actual | Ubicación en estantería | Fecha de adquisición | Fuente de adquisición | Total de préstamos | Signatura topográfica completa | Código de barras | Visto por última vez | Precio de reemplazo | Tipo de ítem Koha |
|---|---|---|---|---|---|---|---|---|---|---|---|---|---|---|
| Biblioteca del Ateneo de Madrid | Biblioteca del Ateneo de Madrid | Depósito 2 | 17/01/2008 | C-52051 | 1049290 | 23/02/2023 | 23/02/2023 | Libro impreso |
